|
|
|
|
| LEADER |
00000nam0a2200000 4500 |
| 001 |
357333 |
| 005 |
20231102011000.0 |
| 035 |
|
|
|a (RuTPU)RU\TPU\retro\14601
|
| 090 |
|
|
|a 357333
|
| 100 |
|
|
|a 20200804u19- m y0rusy50 ca
|
| 101 |
0 |
|
|a rus
|
| 102 |
|
|
|a RU
|
| 105 |
|
|
|a a j 000zy
|
| 200 |
1 |
|
|a Краткие конспекты по геодезии. Введение в геодезию
|e литографированный курс
|f П. (С.) К. Соболевский
|
| 205 |
|
|
|a Литограф. изд.
|
| 210 |
|
|
|a Томск
|c [Б. и.]
|d [Б. г]
|
| 215 |
|
|
|a 26 с.
|c ил.
|
| 300 |
|
|
|a Текст в русской дореформенной орфографии
|
| 316 |
|
|
|5 63413507: 9//735
|a Карандашные пометы на титульном листе
|
| 316 |
|
|
|5 63413507: 9//735
|a Владельческий переплет ТТИ
|
| 606 |
1 |
|
|a Геодезия
|2 stltpush
|3 (RuTPU)RU\TPU\subj\6015
|9 33982
|
| 610 |
1 |
|
|a конспекты
|
| 610 |
1 |
|
|a лекции
|
| 610 |
1 |
|
|a учебные пособия
|
| 610 |
1 |
|
|a маркшейдерия
|
| 610 |
1 |
|
|a масштабируемость
|
| 610 |
1 |
|
|a планы
|
| 610 |
1 |
|
|a коллекция ТПУ
|
| 675 |
|
|
|a 528(075)
|v 4
|
| 700 |
|
1 |
|a Соболевский
|b П. (С.) К.
|c российский ученый-маркшейдер
|c профессор ТТИ
|f 1868-1949
|g Петр (Станислав) Константинович
|2 stltpush
|3 (RuTPU)RU\TPU\pers\21853
|9 9191
|
| 801 |
|
1 |
|a RU
|b 63413507
|c 20200804
|
| 801 |
|
2 |
|a RU
|b 63413507
|c 20201125
|g RCR
|
| 942 |
|
|
|c BK
|